The Hitchhiker's Guide to the Galaxy /

Guardado en:
Detalles Bibliográficos
Autor principal: Adams, Douglas (autor)
Formato: Libro
Idioma:Inglés
Publicado: Nueva York, EUA : Pocket Books, 1981
Temas:
Etiquetas: Agrega una etiqueta
Sin etiquetas, Sé el primero en etiquetar este registro!

MARC

LEADER 00000nam^a2200000^a^4500
001 000048325
005 20250521000000.0
009 20260310090124.51
020 |a 0-671-52721-5 
037 |a Acervo ITESO - Biblioteca 
041 |a ING 
082 |a 813.  |b ADA 
100 |a Adams, Douglas  |e (autor) 
240 1 1 |a [Guía del autoestopista galáctico] 
245 1 4 |a The Hitchhiker's Guide to the Galaxy /  |c D. Adams. 
264 1 |a Nueva York, EUA :  |b Pocket Books,  |c 1981 
300 |a 215 p. 
336 |a texto  |b txt  |2 rdacontenido 
337 |a sin mediación  |b n  |2 rdamedio 
338 |a volumen  |b nc  |2 rdasoporte 
649 |a XX 
650 |a Humor -  |z Inglaterra 
650 |a Novela Inglesa 
650 |a Literatura Inglesa -  |y Siglo XX 
650 |a Series Radiofónicas en la Literatura 
650 |a Novelización 
650 |a Literatura de Ciencia-Ficción -  |z Inglaterra 
910 |a Fondo General 
920 |a Impresos - Libros 
930 |a Colección General 
940 |a Literatura 
905 |a 101 
901 |a 0500004482  |b IT1  |c LIT  |u 20250521 
902 |a https://opac.biblio.iteso.mx/vufind/Record/000048325